Ορθοδοξία και οικουμενική κίνησις : απάντησις εις τον καθηγητήν κ. Κ. Μουρατίδην

Saved in:
Bibliographic Details
Main Author: Θεοδώρου, Ευάγγελος Δ., 1921-2018
Format: Book
Language:Greek
Published: Εν Αθήναις : [χ.ό.], 1973.
Subjects:
Tags: Add Tag
No Tags, Be the first to tag this record!

MARC

LEADER 00000cam a2200000 i 4500
001 1/26669
008 060321s1973 gr | ||| |||| ||gre||
035 |l 10083216 
040 |a GR-MyUa  |b gre  |e AACR2 
041 0 |a gre 
082 7 |a 194   |2 (22) 
100 1 |a Θεοδώρου, Ευάγγελος Δ.,   |d 1921-2018. 
245 1 0 |a Ορθοδοξία και οικουμενική κίνησις :   |b απάντησις εις τον καθηγητήν κ. Κ. Μουρατίδην /   |c Ευαγγέλου Δ. Θεοδώρου. 
260 |a Εν Αθήναις :   |b [χ.ό.],   |c 1973. 
300 |a 83 σ. ;   |c 23 εκ. 
500 |a Με: Εισαγωγή στη φιλοσοφία / Ερρίκου Μπέρξον. - Βιολογία και φιλοσοφία / Κωστή Μεραναίου. - Το κατά Θεοφάνην ευαγγέλιον / Θεοφάνης Μπογιάννος 
500 |a Το τεκμήριο περιλαμβάνει το τεύχος Θ' (9) του περιοδικού Απόστολος Τίτος και το τεύχος 9 του περιοδικού Ελληνική Φιλοσοφική Θεώρηση. 
610 2 0 |a Orthodox Eastern Church  |x Doctrines. 
852 |a INST  |b RHODES  |c KRI  |e 20060321  |h  194 BER  |p 005400021156  |q 005400021156  |t BK  |y 0 
901 |a BIBL4-2006-1 
970 |a ΚΟΖΑ  |b ΜΑΡΙΑ  |z 2006/03/21